| 000 | 01344naa a22003377a 4500 | ||
|---|---|---|---|
| 001 | BR8707833 | ||
| 003 | BR-BrBNA | ||
| 005 | 20240918175911.0 | ||
| 007 | ta | ||
| 008 | 230509b bl.||||| |||| 00| 0 por d | ||
| 040 |
_aBR-BrBNA _bpor _cBiblioteca Nacional de Agricultura |
||
| 041 | _a(Pt) | ||
| 072 |
_aF06; P10 _b/G514 _bGZ12 |
||
| 090 | _aF06 BR8707833 | ||
| 100 | 1 | _aSilva, A. de S. | |
| 100 | 1 | _aPorto, E.R. | |
| 100 | 1 | _aBrito, E.R. | |
| 111 | 1 |
_a7. Congresso Nacional de Irrigacao e Drenagem _cBrasilia, DF (Brazil) _d21 Sep 1986 |
|
| 245 | 1 | _aCaptacao de agua de chuva "in situ". 1: comparacao de metodos na regiao semi-arida brasileira | |
| 246 | 1 | _a[The captation of rain water: Comparison between methods used in the arid region of Brazil] | |
| 246 | 1 | _a[Annals of the 7th National Congress on Irrigation and Drainage] | |
| 260 | 3 |
_aBrasilia, DF (Brasil): _c1986. |
|
| 500 | _aAnais do 7. Congresso Nacional de Irrigacao e Drenagem Brasilia, DF (Brasil): 1986. v. 3 p. 1019-1036 (BR8707833-AM)F06 | ||
| 650 | _aAGUAS PLUVIAIS | ||
| 650 | _aCAPTACAO D'AGUA | ||
| 650 | _aZONA SEMI-ARIDA | ||
| 650 | _aIRRIGACAO | ||
| 773 | 0 |
_tAnais do 7. Congresso Nacional de Irrigacao e Drenagem _wF06 BR8707833 _gBrasilia, DF (Brasil), 1986. v. 3 p. 1019-1036 |
|
| 909 |
_a202404 _bLucia _c55 _dLucia Elande |
||
| 942 |
_cAM _2AGRIS |
||
| 999 |
_c318675 _d318675 |
||